| 000 | 00609nam a2200193Ia 4500 | ||
|---|---|---|---|
| 001 | 2427 | ||
| 003 | GE_BSU | ||
| 008 | 181216s||||||||xx |||||||||||||| ||und|| | ||
| 040 | _cGE_BSU | ||
| 080 | _a16(075.8) | ||
| 100 | _aხელაძე,შადიმან | ||
| 245 | _aლოგიკა ყველასათვის | ||
| 245 | _cრედ. მერაბ გვარაძე, თეიმურაზ ლაცაბიძე | ||
| 260 | _aთბილისი | ||
| 260 | _c2011 | ||
| 300 | _a220გვ. | ||
| 653 | _aლოგიკა ყველასათვის | ||
| 942 | _cBK | ||
| 999 |
_c36509 _d36509 |
||